000 00859nam a2200253Ia 4500
003 OSt
005 20221005112643.0
006 a|||||r|||| 00| 0
007 ta
008 221004b |||||||| |||| 00| 0 pan d
020 _a8187476222 (pbk)
_c70
024 _a11434
037 _b839, 20/03/2014, H.K. Prakashan
_cTextual
040 _aCRL
_cCRL
_bpan
041 _2pan
_apan
082 _aO153,1L53:g, N8;Q1
100 _aਸਿੰਘ, ਦੀਵਾਨ, ਥਦ.
245 0 _aਸੱਸੀ ਪੁੰਨੂੰ
260 _aਜਲੰਧਰ
_bਨਿਊ ਬੁੱਕ ਕੰਪਨੀ ਭਾਰਤ
_c1998
300 _a112ਪੰ
_ccm.
650 _aਪੰਜਾਬੀ ਸਾਹਿਤ
942 _hO153,1L53:g, N8;Q1
_cTEXL
_2cc
999 _c1025542
_d1025542